| 000 | 00490cam a2200181ua 4500 | ||
|---|---|---|---|
| 020 | _c1000.00 | ||
| 041 |
_aeng _h |
||
| 082 |
_a550.006 _bNAG/IN |
||
| 100 | _aNag, Pritvish . | ||
| 245 |
_aIntroduction to geographical information system / _cPritvish Nag. _hTextual Documents |
||
| 260 |
_aNew Delhi : _bConcept Publishing Company , _c2008. |
||
| 300 | _a398 ; . | ||
| 365 | _a1000.00 | ||
| 504 | _a | ||
| 700 | 1 | _aSengupta, Smitha . | |
| 942 | _cBK | ||
| 999 |
_c13177 _d13177 |
||